000 00426nam a2200169Ia 4500
003 0100
008 130303s9999 xx 000 0 und d
040 _cARRUPELIB
050 _aQC23.F47 1963
100 _aFeynman, Richard P
245 4 _aThe Feynman lectures on physics
245 _bMainly mechanics, radiation, and heat
260 _aCalifornia
260 _bAddison-Wesley Publi. Co.
260 _C1963
942 0 0 _02
999 _c42594
_d42594